| 000 | 00589nam a2200157 i 4500 | ||
|---|---|---|---|
| 001 | 57872 | ||
| 003 | ES-MaACL | ||
| 007 | t| | ||
| 008 | 031020s1904 fr ||||1| fre d | ||
| 100 | 1 |
_aDoncieux, George. _945302 |
|
| 245 | 1 | 3 |
_aLe romancero populaire de la France _b: choix de chansons populaires françaises / _ctextes critiques par George Doncieux ; avec un avant-propos et un index musical par Julien Tiersot. |
| 260 |
_aParís : _b[s.n., _c1904] ( _eMacon : _fProtat Frères) |
||
| 300 |
_aXLIV, 522 p. ; _c25 cm. |
||
| 700 | 1 |
_aTiersot, Julien. _9110238 |
|
| 852 |
_aES-MaACL _jB-3930 |
||
| 999 |
_c57872 _d57872 |
||